000 00286nam a2200133Ia 4500
100 _aLinwood/Jeff
942 _cBK
366 _f20
245 _aBuilding portals with the Java portlet API
260 _bApress
_c2004
300 _a393
546 _aENGLISH
_celectronics
999 _c32899
_d32899